Statistics for Random Animals By Picture Quiz #2

Click here to take the quiz!

General Stats

  • This quiz has been taken 34 times
  • The average score is 5 of 6

Answer Stats

Answer% Correct
cat
100%
lemur
100%
snake
100%
bat
75%
gorilla
75%
dog
67%
tiger
67%
fish
60%
dolphin
50%
echidna
50%

Score Distribution

Percentile by Number Answered

Percent of People with Each Score

Your Score History

You have not taken this quiz